000 00354pab a2200145 454500
008 180718b2012 xxu||||| |||| 00| 0 eng d
100 _aBegum, Saleha
245 _aProblems faced by student-teachers
260 _c2012
300 _ap.32-33.
362 _aSep
650 _aStudent teacher relationship
773 _aThird Concept
909 _a114135
999 _c114129
_d114129